Statistiques concernant Armes secondaires et spéciales (Splatoon)

Cliquez ici pour prendre le quiz!

Statistiques générales

  • Ce quiz a été pris 72 fois
  • Le résultat moyen est 18 sur 34

Statistiques - réponses

Première apparitionNom de l'arme% Correct
Splatoon (Sec.)Bombe ballon
83%
Splatoon (Sec.)Bombe splash
81%
Splatoon 2 (Sec.)Bombe curling
79%
Splatoon (Sec.)Bombe gluante
74%
Splatoon (Spé.)Kracken
72%
Splatoon 2 (Spé.)Jolizator
70%
Splatoon (Spé.)Missile tornade
70%
Splatoon (Spé.)Haut-perceur
64%
Splatoon (Spé.)Lance tornade
64%
Splatoon 2 (Spé.)Choc chromatique
62%
Splatoon (Sec.)Mur d'encre
62%
Splatoon 2 (Spé.)Armure d'encre
60%
Splatoon (Sec.)Mine
60%
Splatoon (Spé.)Bouclier
57%
Splatoon 2 (Spé.)Multi-missile
57%
Splatoon (Sec.)Détecteur
53%
Splatoon 2 (Sec.)Bombe soda
51%
Splatoon 2 (Spé.)Chromo-sphère
47%
Splatoon (Sec.)Traqueur
47%
Splatoon 2 (Spé.)Ultra-tamponneur
47%
Splatoon (Spé.)Bombardement
45%
Splatoon 2 (Spé.)Chromo-jet
45%
Splatoon (Sec.)Fontaine
45%
Splatoon (Spé.)Sonar
45%
Splatoon 2 (Spé.)Pigmalance
43%
Splatoon 2 (Sec.)Bombe robot
40%
Splatoon 2 (Spé.)Pluie d'encre
40%
Splatoon (Sec.)Balise de saut
38%
Splatoon 2 (Sec.)Bentorpille
36%
Splatoon 2 (Sec.)Brume toxique
32%
Splatoon 2 (Spé.)Lance-bulles
32%
Splatoon (Sec.)Fiole toxique
30%
Splatoon 2 (FinalFest)Haut-perleur
23%
Splatoon 2 (Spé.)Lance-bombes
23%

Distribution des résultats

Percentile par nombre de réponses

% des personnes avec chaque résultat

Votre développement - résultats

Vous n’avez pas pris ce quiz